| 000 | 00889cam a2200313 4500500 | ||
|---|---|---|---|
| 005 | 20260405003522.0 | ||
| 041 | _afre | ||
| 042 | _adc | ||
| 100 | 1 | 0 |
_aEnjalbert, Cédric _eauthor |
| 245 | 0 | 0 | _aSophie Galabru : “La colère réveille la raison à ses intérêts” |
| 260 | _c2022. | ||
| 500 | _a55 | ||
| 690 | _aAutorité | ||
| 690 | _aColère | ||
| 690 | _aCréation | ||
| 690 | _aDésobéissance | ||
| 690 | _aDésobéissance civile | ||
| 690 | _aDestruction | ||
| 690 | _aDomination | ||
| 690 | _aGilets jaunes | ||
| 690 | _aOrdre | ||
| 690 | _aPouvoir | ||
| 690 | _aRébellion | ||
| 690 | _aRefus | ||
| 690 | _aSophie Galabru | ||
| 690 | _aSubversion | ||
| 786 | 0 | _nPhilosophie magazine | 160 | 6 | 2022-06-01 | p. 30-30 | 1951-1787 | |
| 856 | 4 | 1 | _uhttps://shs.cairn.info/magazine-philosophie-magazine-2022-6-page-30?lang=fr&redirect-ssocas=7080 |
| 999 |
_c2068298 _d2068298 |
||